000 00484nam a2200181Ia 4500
003 GCL
008 140319s9999 xx 000 0 eng d
040 _aGCL /
_cGCL
082 0 4 _a631.3
_bM P
100 1 _aMICHAEL, A. M.
245 1 0 _aPRINCIPLES OF AGRICULTURAL ENGINEERING /
_cMICHAEL, A. M.
700 1 _aOJHA, T. P.
260 _a[S.N] :
_bJAIN BEOTHERS ،
_c1987
650 0 4 _aAGRICULTURAL MECHANICS
650 0 4 _aAGRICULTURE
650 0 4 _aRARM MACHINERY
942 _2ddc
_cBK
999 _c20474
_d20474